<?xml version="1.0" encoding="UTF-8"?>
<record
    xmlns:xsi="http://www.w3.org/2001/XMLSchema-instance"
    xsi:schemaLocation="http://www.loc.gov/MARC21/slim http://www.loc.gov/standards/marcxml/schema/MARC21slim.xsd"
    xmlns="http://www.loc.gov/MARC21/slim">

  <leader>04093nam a2200445 a 4500</leader>
  <controlfield tag="001">dia_4600</controlfield>
  <controlfield tag="003">CHAP</controlfield>
  <controlfield tag="005">20250704134947.0</controlfield>
  <controlfield tag="007">ta</controlfield>
  <controlfield tag="008">220117s2009    mx ado frm    001 0 spa d</controlfield>
  <datafield tag="010" ind1=" " ind2=" ">
    <subfield code="a">175265</subfield>
  </datafield>
  <datafield tag="040" ind1=" " ind2=" ">
    <subfield code="a">mxchpua</subfield>
    <subfield code="c">CHAP</subfield>
  </datafield>
  <datafield tag="041" ind1="0" ind2=" ">
    <subfield code="a">spa</subfield>
    <subfield code="b">eng</subfield>
  </datafield>
  <datafield tag="090" ind1=" " ind2=" ">
    <subfield code="a">Tesis </subfield>
    <subfield code="b">C33 </subfield>
    <subfield code="c">2009</subfield>
  </datafield>
  <datafield tag="100" ind1="1" ind2=" ">
    <subfield code="a">Cabrera Meza, Janet</subfield>
  </datafield>
  <datafield tag="240" ind1="1" ind2="0">
    <subfield code="a">Sensory evaluation of huitlacoche soup prepared from dehydrated product.</subfield>
    <subfield code="l">Espa&#xF1;ol</subfield>
  </datafield>
  <datafield tag="245" ind1="1" ind2="0">
    <subfield code="a">Evaluaci&#xF3;n sensorial de sopa de huitlacoche elaborada a partir del producto deshidratado  /</subfield>
    <subfield code="c">Janet Cabrera Meza</subfield>
  </datafield>
  <datafield tag="264" ind1=" " ind2=" ">
    <subfield code="a">Chapingo, M&#xE9;xico :</subfield>
    <subfield code="b">El autor,</subfield>
    <subfield code="c">2009</subfield>
  </datafield>
  <datafield tag="300" ind1=" " ind2=" ">
    <subfield code="a">xviii, 175 hojas : </subfield>
    <subfield code="b">ilustraciones, tablas, gr&#xE1;ficas, fotograf&#xED;as </subfield>
  </datafield>
  <datafield tag="336" ind1=" " ind2=" ">
    <subfield code="2">rdacontent</subfield>
    <subfield code="a">texto</subfield>
    <subfield code="b">txt</subfield>
  </datafield>
  <datafield tag="337" ind1=" " ind2=" ">
    <subfield code="2">rdamedia</subfield>
    <subfield code="a">no mediado</subfield>
    <subfield code="b">n</subfield>
  </datafield>
  <datafield tag="338" ind1=" " ind2=" ">
    <subfield code="2">rdacarrier</subfield>
    <subfield code="a">volumen</subfield>
    <subfield code="b">nc</subfield>
  </datafield>
  <datafield tag="502" ind1=" " ind2=" ">
    <subfield code="a">Tesis</subfield>
    <subfield code="b">(Maestro en Ciencias en Ciencia y Tecnolog&#xED;a Agroalimentaria) --</subfield>
    <subfield code="c">UACh. Departamento de Ingenier&#xED;a Agroindustrial,</subfield>
    <subfield code="d">2009</subfield>
  </datafield>
  <datafield tag="504" ind1=" " ind2=" ">
    <subfield code="a">Bibliograf&#xED;a: hojas 150-172</subfield>
  </datafield>
  <datafield tag="520" ind1="3" ind2=" ">
    <subfield code="a">Con la finalidad de ofrecer alternativas para alargar la vida de anaquel del huitlacoche, se obtuvo el producto deshidratado, a partir de! cual se elabor&#xF3; una sopa. El secado se realiz&#xF3; a 70&#xB1; 2 "O y se caracteriz&#xF3; a trav&#xE9;s de la cin&#xE9;tica de secado y cambios de pH y color. La estabilidad del producto se evalu&#xF3; con ayuda de las isotermas de sorci&#xF3;n y an&#xE1;lisis microbiol&#xF3;gicos. La sopa con producto deshidratado se compar&#xF3; sensorialmente con una elaborada con huitlacoche fresco. El proceso de secado ocurri&#xF3; mayormente en el per&#xED;odo de velocidad de secado decreciente. El pH del huitlacoche se mantuvo estable durante casi todo el proceso de secado; mientras que los par&#xE1;metros de color se modificaron. El crecimiento de microorganismos se present&#xF3; en producto con actividad de agua mayor a 0.6; encontr&#xE1;ndose principalmente la presencia de Aspergillus sp. Y Penicillum sp. Las sopas de huitlacoche fresco y deshidratado fueron percibidas diferentes, la proporci&#xF3;n de personas que detectaron diferencia result&#xF3; mayor del 30%. La sopa de producto deshidratado present&#xF3; sensorialmente un menor aroma y sabor caracter&#xED;stico de! huitlacoche guisado.Las cuentas de mes&#xF3;filos aerobios y coliformes en el producto se encontraron dentro de l&#xED;mites aceptables.</subfield>
  </datafield>
  <datafield tag="520" ind1="3" ind2=" ">
    <subfield code="a">As an alternative to increase the shelf life of huitlacoche, the dehydrated product was obtained, from which a soup was made. Drying took place at 70+ 2 "C and was characterized by drying kinetics and pH and color changes. Product stability was evaiuated using sorption isotherms and microbiological analysis The soup preparad with dehydrated product was sensory compared with one made with fresh huitlacoche. The drying process took place mainly during the decreasing drying period. The huitlacoche pH remained constan! during almost the entire drying process. while color parameters changed. Microbial growth was observed at water activity val&#xFA;es higher than 0.6, with Aspergillus sp. y Penicillum sp. Being the principal contaminants found. The fresh and dehydrated huitlacoche soups were perceived differentiy. The proportion of people that detected differences was more than 30%. The soup made from dehydrated product presented, from the sensory point of view, a lesser aroma and flavor characteristio of huitlacoche stew. The aerobio mesophilic and ooliform microorganlsms in the product were within the acceptable limits</subfield>
  </datafield>
  <datafield tag="650" ind1="1" ind2="3">
    <subfield code="a">Alimentos deshidratados  </subfield>
    <subfield code="2">atg</subfield>
  </datafield>
  <datafield tag="650" ind1="1" ind2="3">
    <subfield code="a">Sopas</subfield>
    <subfield code="2">atg</subfield>
    <subfield code="x">Evaluaci&#xF3;n sensorial de los alimentos  </subfield>
  </datafield>
  <datafield tag="650" ind1="1" ind2="3">
    <subfield code="a">Dried foods</subfield>
  </datafield>
  <datafield tag="650" ind1="1" ind2="3">
    <subfield code="a">Soups  </subfield>
    <subfield code="x">Sensory evaluation</subfield>
    <subfield code="2">atg</subfield>
  </datafield>
  <datafield tag="650" ind1="1" ind2="3">
    <subfield code="a">Ustilago zeae  </subfield>
    <subfield code="2">atg</subfield>
  </datafield>
  <datafield tag="700" ind1="1" ind2=" ">
    <subfield code="a">Espinosa Solares, Teodoro</subfield>
    <subfield code="e">director</subfield>
  </datafield>
  <datafield tag="700" ind1="1" ind2=" ">
    <subfield code="a">Aguirre Mandujano, Eleazar</subfield>
    <subfield code="e">asesor</subfield>
  </datafield>
  <datafield tag="700" ind1="1" ind2=" ">
    <subfield code="a">Hern&#xE1;ndez Montes, Arturo</subfield>
    <subfield code="e">asesor</subfield>
  </datafield>
  <datafield tag="856" ind1="4" ind2="2">
    <subfield code="u">http://10.13.5.2/tesis/108196.pdf</subfield>
    <subfield code="y">DESCARGAR PDF</subfield>
  </datafield>
  <datafield tag="901" ind1=" " ind2=" ">
    <subfield code="a">TESIS C33 2009</subfield>
  </datafield>
  <datafield tag="902" ind1=" " ind2=" ">
    <subfield code="a">M</subfield>
  </datafield>
  <datafield tag="905" ind1=" " ind2=" ">
    <subfield code="a">5232272009                          MX A M 8223123322SPA16</subfield>
  </datafield>
  <datafield tag="942" ind1=" " ind2=" ">
    <subfield code="c">TESIS</subfield>
    <subfield code="2">Clasificaci&#xF3;n Universidad Aut&#xF3;noma Chapingo</subfield>
  </datafield>
  <datafield tag="999" ind1=" " ind2=" ">
    <subfield code="c">175265</subfield>
    <subfield code="d">175265</subfield>
  </datafield>
  <datafield tag="952" ind1=" " ind2=" ">
    <subfield code="0">0</subfield>
    <subfield code="1">0</subfield>
    <subfield code="2">local</subfield>
    <subfield code="4">0</subfield>
    <subfield code="5">5</subfield>
    <subfield code="7">0</subfield>
    <subfield code="8">TESIS</subfield>
    <subfield code="a">IA_</subfield>
    <subfield code="b">IA_</subfield>
    <subfield code="d">2022-01-18</subfield>
    <subfield code="e">El autor</subfield>
    <subfield code="l">1</subfield>
    <subfield code="o">Tesis C33 2009</subfield>
    <subfield code="p">1101010350</subfield>
    <subfield code="r">2026-02-02 00:00:00</subfield>
    <subfield code="s">2024-11-15</subfield>
    <subfield code="t">Ej.2</subfield>
    <subfield code="w">2022-01-18</subfield>
    <subfield code="y">TESIS</subfield>
  </datafield>
  <datafield tag="952" ind1=" " ind2=" ">
    <subfield code="0">0</subfield>
    <subfield code="1">0</subfield>
    <subfield code="2">local</subfield>
    <subfield code="4">0</subfield>
    <subfield code="5">1</subfield>
    <subfield code="7">0</subfield>
    <subfield code="8">TESIS</subfield>
    <subfield code="a">IA_</subfield>
    <subfield code="b">IA_</subfield>
    <subfield code="d">2022-01-18</subfield>
    <subfield code="e">El autor</subfield>
    <subfield code="l">0</subfield>
    <subfield code="o">Tesis C33 2009</subfield>
    <subfield code="p">1101000993</subfield>
    <subfield code="r">2026-02-02 00:00:00</subfield>
    <subfield code="t">Ej.1</subfield>
    <subfield code="w">2022-01-18</subfield>
    <subfield code="y">TESIS</subfield>
  </datafield>
  <datafield tag="952" ind1=" " ind2=" ">
    <subfield code="0">0</subfield>
    <subfield code="1">0</subfield>
    <subfield code="2">ddc</subfield>
    <subfield code="4">0</subfield>
    <subfield code="7">0</subfield>
    <subfield code="8">TesDigM</subfield>
    <subfield code="a">IA_</subfield>
    <subfield code="b">IA_</subfield>
    <subfield code="c">E_L</subfield>
    <subfield code="d">2025-07-04</subfield>
    <subfield code="e">El autor</subfield>
    <subfield code="l">0</subfield>
    <subfield code="p">1201000993</subfield>
    <subfield code="r">2025-07-04 14:51:04</subfield>
    <subfield code="w">2025-07-04</subfield>
    <subfield code="y">TD</subfield>
  </datafield>
</record>
